000 005840000a22002170004500
003 LK-CoMWRAF
005 20231022140301.0
008 230817t 200 ||||| |||| 00| 0 eng d
020 _a185168316X
040 _aLK-CoMWRAF
_dLK-CoMWRAF
_eLK-CoMWRAF
041 _aeng
082 _a297.2
_bSAF
245 _aProgressive Muslims :
_bOn justice,gender and pluralism
260 _bOne World
_aEngland
_c2003
300 _ap.351
650 _a Islam; Islam -- Relations
650 _aGender Justice
650 _aProgressive Muslim and Pluralism
700 _aSafi, Omid
942 _cBK
999 _c626
_d626